Sports Quiz

Random Sports or MLB Quiz

MLB All-Time Triple Crown Leaders Quiz Stats

 Plays Quiz not verified by Sporcle

Challenge
Share
Tweet
Embed
Score 0/60 Timer 10:00
0 Plays Today
Category Player % Correct
Batting AverageBabe Ruth
98.2%
Home RunsBarry Bonds
98.2%
Home RunsHank Aaron
98.2%
Home RunsBabe Ruth
98.2%
Runs Batted InHank Aaron
98.2%
Runs Batted InBabe Ruth
98.2%
Runs Batted InBarry Bonds
98.2%
Batting AverageTy Cobb
97%
Home RunsAlex Rodriguez
97%
Runs Batted InAlex Rodriguez
97%
Runs Batted InTy Cobb
97%
Home RunsWillie Mays
96.4%
WinsWalter Johnson
96.4%
StrikeoutsNolan Ryan
96.4%
StrikeoutsRandy Johnson
96.4%
StrikeoutsWalter Johnson
96.4%
WinsCy Young
93.5%
Home RunsSammy Sosa
92.9%
Home RunsKen Griffey, Jr.
91.7%
WinsGreg Maddux
91.7%
StrikeoutsGreg Maddux
91.7%
WinsRoger Clemens
89.9%
StrikeoutsRoger Clemens
89.9%
Home RunsFrank Robinson
89.3%
Home RunsMark McGwire
89.3%
Home RunsJim Thome
88.7%
Batting AverageTed Williams
87.5%
Runs Batted InLou Gehrig
83.9%
Earned Run AverageTommy Bond
83.3%
StrikeoutsSteve Carlton
82.1%
Category Player % Correct
WinsChristy Mathewson
81.5%
Earned Run AverageChristy Mathewson
81.5%
Batting AverageRogers Hornsby
79.8%
WinsWarren Spahn
79.8%
Batting AverageJoe Jackson
74.4%
Runs Batted InCap Anson
74.4%
Runs Batted InStan Musial
73.8%
WinsGrover Alexander
73.2%
StrikeoutsTom Seaver
73.2%
StrikeoutsBert Blyleven
66.1%
Batting AverageTris Speaker
61.3%
Runs Batted InJimmie Foxx
56%
StrikeoutsDon Sutton
54.8%
StrikeoutsGaylord Perry
54.2%
Runs Batted InEddie Murray
53.6%
Earned Run AverageMordecai Brown
49.4%
WinsKid Nichols
48.2%
WinsPud Galvin
45.2%
Earned Run AverageEd Walsh
42.9%
WinsTim Keefe
38.1%
Batting AverageLefty O'Doul
32.1%
Earned Run AverageAddie Joss
32.1%
Batting AverageEd Delahanty
31%
Earned Run AverageSmoky Joe Wood
28.6%
Batting AverageDan Brouthers
28%
Batting AverageBilly Hamilton
23.2%
Earned Run AverageAl Spalding
9.5%
Earned Run AverageJohn Ward
7.7%
Earned Run AverageJack Pfiester
5.4%
Earned Run AverageJim Devlin
4.8%

You're not logged in!

Compare scores with friends on all Sporcle quizzes.
Join for Free
OR
Log In

You Might Also Like...

Show Comments

Extras

Top Quizzes Today


Score Distribution

Your Account Isn't Verified!

In order to create a playlist on Sporcle, you need to verify the email address you used during registration. Go to your Sporcle Settings to finish the process.

Report this User

Report this user for behavior that violates our Community Guidelines.

Details: